[Event "Enschede op-B U16"]
[Site "Enschede"]
[Date "2009.08.03"]
[Round "1"]
[White "Mostertman, Xander"]
[Black "Slagter, Jonathan"]
[Result "1-0"]
[WhiteElo "1845"]
[BlackElo "1388"]
[PlyCount "52"]
[EventDate "2009.08.03"]
[EventType "swiss"]
[EventRounds "9"]
[EventCountry "NED"]
[SourceTitle "CBM 132 Extra"]
[Source "ChessBase"]
[SourceDate "2009.11.03"]
[SourceVersion "1"]
[SourceVersionDate "2009.11.03"]
[SourceQuality "1"]

1. e4 c5 2. Nf3 d6 3. d4 cxd4 4. Nxd4 Nc6 5. Be3 Nf6 6. Nc3 g6 7. f3 Bg7 8. Bc4 Bd7 9. Qd2 0-0 10. 0-0-0 Ne5 11. Bb3 Rc8 12. h4 Nc4 13. Bxc4 Rxc4 14. h5 Qa5 15. Kb1 Rfc8 16. Nb3 Qa6 17. hxg6 fxg6 18. Bh6 Ba4 19. Bxg7 Kxg7 20. Qh6+ Kf7 21. g4 b5 22. g5 b4 23. gxf6 Kxf6 24. Nd5+ Ke6 25. Qh3+ Kf7 26. Qh6 Ke8 1-0

[Event "Groningen op-B"]
[Site "Groningen"]
[Date "2008.12.28"]
[Round "7"]
[White "Mostertman, Xander"]
[Black "Wubs, Harry"]
[Result "1-0"]
[WhiteElo "1882"]
[BlackElo "1908"]
[PlyCount "79"]
[EventDate "2008.12.21"]
[EventType "swiss"]
[EventRounds "9"]
[EventCountry "NED"]
[SourceTitle "CBM 127 Extra"]
[Source "ChessBase"]
[SourceDate "2009.01.08"]
[SourceVersion "2"]
[SourceVersionDate "2009.01.28"]
[SourceQuality "1"]

1. Nf3 Nf6 2. c4 g6 3. Nc3 Bg7 4. g3 0-0 5. Bg2 d6 6. d4 c6 7. 0-0 Nbd7 8. Qc2 Qc7 9. e4 e5 10. Rd1 exd4 11. Nxd4 Nc5 12. b4 Ne6 13. Nxe6 Bxe6 14. Bf4 Ne8 15. c5 Be5 16. cxd6 Bxd6 17. Rxd6 Nxd6 18. Nb5 Nxb5 19. Bxc7 Nxc7 20. Rd1 Rfd8 21. a4 a6 22. f4 Ne8 23. h3 Rac8 24. g4 f6 25. f5 Bf7 26. h4 b5 27. Rxd8 Rxd8 28. Qxc6 Rd6 29. Qc2 Bc4 30. axb5 axb5 31. g5 Rd3 32. Bf1 Rd4 33. Bxc4+ Rxc4 34. Qd2 Kf8 35. gxf6 Rxe4 36. Qh6+ Kg8 37. f7+ Kxf7 38. Qxh7+ Kf6 39. Qxg6+ Ke7 40. h5 1-0

[Event "Groningen op-B"]
[Site "Groningen"]
[Date "2008.12.24"]
[Round "4"]
[White "Ten Vergert, Paul"]
[Black "Mostertman, Xander"]
[Result "1-0"]
[WhiteElo "1980"]
[BlackElo "1882"]
[PlyCount "59"]
[EventDate "2008.12.21"]
[EventType "swiss"]
[EventRounds "9"]
[EventCountry "NED"]
[SourceTitle "CBM 127 Extra"]
[Source "ChessBase"]
[SourceDate "2009.01.08"]
[SourceVersion "2"]
[SourceVersionDate "2009.01.28"]
[SourceQuality "1"]

1. e4 c5 2. Nf3 d6 3. d4 cxd4 4. Nxd4 Nf6 5. Nc3 g6 6. Be3 Bg7 7. f3 0-0 8. Qd2 Nc6 9. 0-0-0 Nxd4 10. Bxd4 Be6 11. Kb1 Qc7 12. h4 Rfc8 13. h5 Qa5 14. hxg6 fxg6 15. a3 Rab8 16. g4 Bf7 17. g5 Nh5 18. Bxg7 Nxg7 19. f4 b5 20. f5 b4 21. Nd5 Bxd5 22. exd5 Nxf5 23. Bh3 Rf8 24. Qe1 Qb6 25. Bxf5 Rxf5 26. Qe6+ Kf8 27. Rxh7 bxa3 28. Qxe7+ Kg8 29. Rg7+ Kh8 30. Rh1# 1-0

[Event "Groningen op-B"]
[Site "Groningen"]
[Date "2008.12.23"]
[Round "3"]
[White "Haveman, Koen"]
[Black "Mostertman, Xander"]
[Result "0-1"]
[WhiteElo "1869"]
[BlackElo "1882"]
[PlyCount "66"]
[EventDate "2008.12.21"]
[EventType "swiss"]
[EventRounds "9"]
[EventCountry "NED"]
[SourceTitle "CBM 127 Extra"]
[Source "ChessBase"]
[SourceDate "2009.01.08"]
[SourceVersion "2"]
[SourceVersionDate "2009.01.28"]
[SourceQuality "1"]

1. e4 c5 2. Nc3 Nc6 3. Bb5 d6 4. Bxc6+ bxc6 5. d3 g6 6. f4 Bg7 7. Nf3 e6 8. 0-0 Ne7 9. Qe1 f6 10. Bd2 0-0 11. e5 fxe5 12. fxe5 Nf5 13. Be3 Nd4 14. Nxd4 Rxf1+ 15. Qxf1 cxd4 16. Bxd4 c5 17. Be3 Bxe5 18. Qf3 Rb8 19. Bh6 Bb7 20. Ne4 Qh4 21. Qh3 Qxh3 22. gxh3 Bxe4 23. dxe4 Rxb2 24. Rf1 Bg7 25. Bf4 Bf8 26. e5 d5 27. Bg5 Bg7 28. Bf6 Rxc2 29. Bxg7 Kxg7 30. Rf6 Rxa2 31. Rxe6 Kf7 32. Rf6+ Ke7 33. Rc6 c4 0-1

[Event "NED-ch U15"]
[Site "Venlo"]
[Date "2008.04.30"]
[Round "5"]
[White "Brookes, Christopher"]
[Black "Mostertman, Xander"]
[Result "1-0"]
[WhiteElo "1849"]
[BlackElo "1649"]
[PlyCount "55"]
[EventDate "2008.04.28"]
[EventType "swiss"]
[EventRounds "9"]
[EventCountry "NED"]
[SourceTitle "CBM 123 Extra"]
[Source "ChessBase"]
[SourceDate "2008.05.06"]
[SourceVersion "1"]
[SourceVersionDate "2008.05.06"]
[SourceQuality "1"]

1. e4 c5 2. Nf3 d6 3. d4 cxd4 4. Nxd4 Nf6 5. Nc3 g6 6. Be3 Bg7 7. f3 0-0 8. Bc4 Nc6 9. Qd2 Bd7 10. 0-0-0 Rb8 11. g4 Nxd4 12. Bxd4 b5 13. Bb3 a5 14. e5 dxe5 15. Bxe5 b4 16. Nd5 Rb7 17. Bxf6 exf6 18. Rhe1 Be6 19. Qe2 Qb8 20. Kb1 Bxd5 21. Bxd5 Rb5 22. Qc4 Rc8 23. Bxf7+ Kf8 24. Qd3 Rbc5 25. Bb3 Re5 26. Qd7 Qc7 27. Rxe5 fxe5 28. Qe6 1-0

[Event "Hengelo U12 op"]
[Site "Hengelo"]
[Date "2005.08.10"]
[Round "5"]
[White "Mostertman, Xander"]
[Black "Decoster, Sam"]
[Result "0-1"]
[WhiteElo "1418"]
[BlackElo "1663"]
[PlyCount "36"]
[EventDate "2005.08.??"]
[EventType "swiss"]
[EventRounds "13"]
[EventCountry "NED"]
[SourceTitle "CBM 107 Extra"]
[Source "ChessBase"]
[SourceDate "2005.09.01"]
[SourceVersion "1"]
[SourceVersionDate "2005.09.01"]
[SourceQuality "1"]

1. e4 c5 2. Nf3 Nc6 3. d4 cxd4 4. Nxd4 Qb6 5. Be3 Qxb2 6. Nxc6 Qxa1 7. Nxa7 Qxa2 8. Nb5 Qa5+ 9. N1c3 g6 10. Bd2 Kd8 11. Bf4 Bg7 12. Bc7+ Qxc7 13. Nxc7 Bxc3+ 14. Ke2 Kxc7 15. Qd5 Bf6 16. Qc4+ Kb8 17. g3 b6 18. Bg2 Ba6 0-1